| 000 | 00456nam a2200157 i 4500 | ||
|---|---|---|---|
| 001 | 142899 | ||
| 003 | ES-MaACL | ||
| 005 | 20230906200644.0 | ||
| 007 | t| | ||
| 008 | 071010s1965 sp ||||1| spa d | ||
| 100 | 1 |
_aVicent Aparici, Antonio. _9114324 |
|
| 245 | 1 | 0 |
_aValores turĂsticos de Segorbe / _cpor Antonio Vicent Aparici. |
| 260 |
_aSegorbe : _bInstituto Laboral, _c[1965] |
||
| 300 |
_a24 p. ; _c21 cm. |
||
| 852 |
_aES-MaACL _j2048-F-8 _bR.60534 |
||
| 999 |
_c142899 _d142899 |
||